00448nam a2200157Ia 4500003000900000008004100009020001800050040001600068080001300084100001500097245010800112260002300220300001600243650001200259650001900271IN-BaIIA211028s9999 xx 000 0 eng d a0-89495-088-8 cIIA Library aGENbDAY aDay, R. A. 0aHow write and publish a scientific papercR. A. Day  aPhiladelphiac1979 aviii, 160p. aGeneral aNASA Thesaurus